British Culture #3 - Statistics

General Stats
  • This quiz has been taken 128 times
  • The average score is 8 of 10
Answer Stats
Question Answer % Correct
Which is the oldest university in England? Oxford University
99%
Scouser is a colloquial term for someone from which English city? Liverpool
91%
What title is held by the leader of the Church of England? Archbishop of {Canterbury}
88%
The hero of which TV series travels in the TARDIS? Doctor Who
88%
Which country did Britain fight during the 1982 Falklands War? Argentina
86%
Who wrote ‘Pride & Prejudice’ and ‘Sense & Sensibility’? Jane Austen
82%
In the abbreviation RSPCA, what does the 'A' stand for? Animals
76%
What type of animal is a Gloucester Old Spot? Pig
63%
Which new terrestrial television channel was launched in 1997? Channel 5
56%
Whose poems include ‘Mandalay’, ‘Gunga Don’ and ‘If-‘? Rudyard Kipling
50%
No matching quizzes found
Score Distribution
Percent of People with Each Score
Percentile by Number Answered
Your Score History
You have not taken this quiz